000 01184cam a22003617a 4500
003 CHAP
005 20220329142250.0
008 000407d1997 us r 00010 eng d
010 _a80771
011 _a81743
020 _a0824789989
035 _a92220
040 _cCHAP
082 0 4 _a661.0652
_bR5
100 0 0 _aRichardson, H. Wayne
_eed.
_997271
245 1 0 _aHandbook of copper compounds and applications
_c/ed. by H. Wayne Richardson
260 _aNew York :
_bMarcel Dekker,
_c1997.
300 _a432 p.
590 _aBATCH-UPD
_b10
_c20130109
_lUCH01
_h2335
590 _aBATCH-UPD
_b10
_c20130110
_lUCH01
_h0806
590 _aBATCH-UPD
_b10
_c20130409
_lUCH01
_h1903
590 _aBATCH-UPD
_b10
_c20130410
_lUCH01
_h0444
590 _aBATCH-UPD
_b10
_c20130914
_lUCH01
_h0953
590 _aCONVERSION
_b10
_c20130109
_lUCH01
_h1345
650 1 4 _aCobre como insecticida.
_924188
650 1 4 _aCobre en nutrición animal.
_924191
650 1 4 _aCobre en nutrición vegetal.
_924192
650 1 4 _aCobre.
_924185
901 _aBK
905 _aLilia Sánchez G.
942 _cLIBRO
949 _a661.0652 R5
_bBC
_cLIBRO
_d33724000775292
_eLIBRO
_gI.203141
_h97689
_i92220
_si
_t$2.255.00
999 _c80771
_d80771